Eddie Redmayne Filmography - Statistics

General Stats
  • This quiz has been taken 80 times
    15 since last reset
  • The average score is 22 of 51
Answer Stats
Type Year Name % Correct
Film 2014 The Theory of Everything
91%
Film 2015 The Danish Girl
82%
Film 2016 Fantastic Beasts and Where to Find Them
73%
Film 2012 Les Misérables
73%
Film 2018 Fantastic Beasts: The Crimes of Grindelwald
64%
Film 2022 Fantastic Beasts: The Secrets of Dumbledore
64%
Film 2015 Jupiter Ascending
64%
TV Show 2024-Present The Day of the Jackal
64%
Film 2022 The Good Nurse
64%
TV Show 1998 Animal Ark
45%
TV Show 2003 Doctors
45%
TV Mini-Series 2005 Elizabeth I
45%
Film 2007 Elizabeth: The Golden Age
45%
Theater 2004 Hecuba
45%
Theater 2003 "Master Harold" ...and the Boys
45%
Film 2011 My Week with Marilyn
45%
Theater 2008 Now or Later
45%
Theater 2009-2010 Red
45%
Film 2010 Red
45%
Theater 2004 The Goat, or Who Is Sylvia?
45%
Film 2008 The Other Boleyn Girl
45%
Film 2020 The Trial of the Chicago 7
45%
Theater 2002 Twelfth Night
45%
TV Mini-Series 2012 Birdsong
36%
Film 2010 Black Death
36%
Theater 2021-2022, 2024 Cabaret
36%
Film 2024 Cabaret at the Kit Kat Club
36%
TV Documentary 2017 CBBC Visits the Wizarding World of Harry Potter and Fantastic Beasts
36%
Film 2018 Early Man
36%
Film 2009 Glorious 39
36%
Film 2011 Hick
36%
Film TBA Later the War
36%
Video Game 2016 Lego Dimensions
36%
Film 2006 Like Minds
36%
Film TBA Panic Carefully
36%
Film 2009 Powder Blue
36%
Theater 2011-2012 Richard II
36%
Film 2007 Savage Grace
36%
TV Mini-Series 2008 Tess of the D'Urbervilles
36%
Film 2019 The Aeronauts
36%
Film 2006 The Good Shepherd
36%
TV Pilot 2010 The Miraculous Year
36%
TV Mini-Series 2010 The Pillars of the Earth
36%
Film 2008 The Yellow Handkerchief
36%
Film 2015 Thomas & Friends: Sodor's Legend of the Lost Treasure
36%
TV Documentary 2015 War Art with Eddie Redmayne
36%
TV Special 2018 BBC Children in Need
27%
TV Documentary 2019 Finding the Way Home
27%
Web Mini-Series 2020 James and the Giant Peach with Taika and Friends
27%
Commercial 2017 OMEGA
18%
Documentary 2017 Brave Enough
0%
No matching quizzes found
Score Distribution
Percent of People with Each Score
Percentile by Number Answered
Your Score History
You have not taken this quiz since the last reset